| 000 | 01083nam a2200253Ia 4500 | ||
|---|---|---|---|
| 999 |
_c49611 _d49611 |
||
| 001 | 16543 | ||
| 003 | GE_BSU | ||
| 005 | 20241227111923.0 | ||
| 008 | 181216s2012||||ge |||||||||||||| ||geo|| | ||
| 020 | _a978-9941-17-695-1 | ||
| 040 | _cGE_BSU | ||
| 041 | _ageo | ||
| 080 | _a005.334.2 + 316.48 + 331.109.6 ფ-27 | ||
| 100 |
_aფარესაშვილი, ნინო _97228 |
||
| 245 |
_aკონფლიქტების მართვა : _bსახელმძღვანელო / _c ნინო ფარესაშვილი ; [რედ. ნუგზარ პაიჭაძე]. |
||
| 264 |
_aთბილისი : _bუნივერსალი, _c2012. |
||
| 300 |
_a344 გვ. ; _c20 სმ. |
||
| 500 | _aტერმინოლ. ლექსიკონი : გვ. 310-339 | ||
| 504 | _aბიბლიოგრ. : გვ. 340 | ||
| 541 | _h15ლ. | ||
| 653 | _aკონფლიქტების მართვა | ||
| 700 |
_aპაიჭაძე, ნუგზარ _eრედაქტორი _924035 |
||
| 942 |
_cBK _2udc |
||